| 000 | 01072nam a2200277 i 4500 | ||
|---|---|---|---|
| 001 | 103313 | ||
| 003 | ES-MaACL | ||
| 005 | 20250624062924.0 | ||
| 007 | t| | ||
| 008 | 060215s1968 sp ||||1| spa d | ||
| 080 | _a75.036(899)(083.824) | ||
| 245 | 0 | 0 |
_a6 artistas uruguayos _b: [exposición, Sala de Santa Catalina del Ateneo de Madrid, noviembre de 1967] / _c[Texto: Ernesto Heine]. |
| 260 |
_a[Madrid] : _bPublicaciones Españolas, _c[1968] |
||
| 300 |
_a[18] p. : _bil. ; _c28 cm. |
||
| 490 | 1 |
_aCuadernos de arte. Colección ordinaria ; _v251 |
|
| 610 | 2 | 7 |
_aAteneo de Madrid- _vExposiciones- _y1960-1969. _91920 |
| 650 | 1 | 4 |
_aPintura uruguaya- _yS.XX- _vExposiciones. _916091 |
| 655 | 7 |
_2tgfbne _9193628 _aCatálogos de exposiciones |
|
| 700 | 1 |
_aHeine, Ernesto. _962369 |
|
| 700 | 1 |
_aSerra, Eudald. _9105606 |
|
| 710 | 2 |
_aAteneo de Madrid. _bSala de Santa Catalina. _91964 |
|
| 830 | 0 |
_aCuadernos de arte. Colección ordinaria _v251 _9180064 |
|
| 852 |
_aES-MaACL _j2202-F-16 _9107186 _bR.137150 _cDEPOF |
||
| 942 |
_2udc _cFOLLETOS |
||
| 999 |
_c103313 _d103313 |
||